000 00653nam a2200241Ia 4500
003 OSt
005 20221007082318.0
006 a|||||r|||| 00| 0
007 ta
008 221006b |||||||| |||| 00| 0 eng d
024 _a27,695
037 _cReports / Technical Reports
040 _aFLL
_cFLL
_beng
041 _2eng
_aeng
082 _aZ73,1110k8, J4
110 _aGovt. of America
_9698990
245 0 _aSpecialized courts dealing with childred
260 _c1954
300 _avi,99p
_ccm.
700 _aGovt. of America
_9698991
942 _hZ73,1110k8, J4
_cREP
_2CC
999 _c1166019
_d1166019